Manners - Statistics

General Stats
  • This quiz has been taken 27 times
  • The average score is 6 of 10
Answer Stats
Hint Answer % Correct
(Insert moving through a crowd.) Excuse me
86%
(Insert someone doing a kind thing.) Thank you
82%
Thank you You're welcome
82%
You need to talk with someone, but the door is closed. (Not something you say.) Knock
68%
You did something bad Sorry
64%
CAN I use the bathroom MAY I use the bathroom
59%
(Insert you can't hear what someone said.) Pardon
55%
You need help Please
36%
How are you doing today? Good how are you?
18%
You have to do this with this quiz!!! Share
5%
No matching quizzes found
Score Distribution
Percent of People with Each Score
Percentile by Number Answered
Your Score History
You have not taken this quiz